Least Populated Capital Cities in Asia - Statistics

General Stats
  • This quiz has been taken 34 times
  • The average score is 8 of 10
Answer Stats
Population City % Correct
40,781 Bandar Seri Begawan
92%
176,851 Malé
92%
281,135 Dili
88%
564,631 Manama
83%
203,297 Thimphu
83%
664,754 Vientiane
79%
810,186 Ashgabat
75%
633,401 Doha
75%
500,218 Naypyidaw
67%
103,248 Sri Jayawardenepura Kotte
58%
No matching quizzes found
Score Distribution
Percent of People with Each Score
Percentile by Number Answered
Your Score History
You have not taken this quiz